000 01267cab a2200337 4500
001 ABS52406
008 090401t1995 xxu||||| |||| 00| 0 eng d
035 _a(Sirsi) u76316
041 _aeng
100 _aBingham, T.
245 _aPutting first things first
260 _c1995
350 _a0
490 _aBuilding
_v260(7882) 3 March 1995, 32-33(2)
520 _aReports on a year long dispute for payment and a counter claim for defective work and delay with the initial problem being whether to arbitrate or litigate. The work had been done on a letter of intent with reference to JCT Works Contract/2 but this was not held to give effect to the arbitration clause in that contract.
650 _aARBITRATION ACT 1950 S32
650 _aARBITRATION CLAUSES
650 _aMANAGEMENT-DISPUTE AVOIDANCE, MANAGEMENT AND RESOLUTION-DISPUTE MANAGEMENT AND RESOLUTION-ARBITRATION
650 _aBEN BARRETT BRICKWORK
650 _aBRICKLAYERS
650 _aDEFECTIVE WORK
650 _aDELAY
650 _aFALLOWFIELD
650 _aHENRY BOOT MANAGEMENT
650 _aWKS/2
650 _aLETTERS OF INTENT
650 _aUNIVERSITY OF MANCHESTER
690 _aBUILT ENVIRONMENT-BUILDING CONTRACT FORMS
942 _n0
948 _c04/03/1997
999 _c48020
_d48020